00468nam a22001577a 450000500170000000800410001702000180005804100130007608200120008910000270010124500460012825000190017426000570019330000340025065000260028420231214075052.0231214b |||||||| |||| 00| 0 eng d a9781485109723 aEnglish  a345 BUR aBurchell, J lEnglish  aPrinciples of Criminal Law /cJ Burchell  aFifth Edition  aCape Town : bJuta and Company Law (Pty) Ltd, c2016 blxxxi, 988 pages ; c25,5 cm. aLegal practice bLaw